Experiments with magnets / (Record no. 2842)

MARC details
000 -LEADER
fixed length control field 00883cam a2200277 a 4500
005 - DATE AND TIME OF LATEST TRANSACTION
control field 20251209115552.0
020 ## - INTERNATIONAL STANDARD BOOK NUMBER
International Standard Book Number 9780531266458
040 ## - CATALOGING SOURCE
Original cataloging agency DLC
Transcribing agency DLC
Modifying agency DLC
Language of cataloging eng
050 00 - LIBRARY OF CONGRESS CALL NUMBER
Classification number QC755.B79
Item number 2012
082 00 - DEWEY DECIMAL CLASSIFICATION NUMBER
Classification number 538.4078
100 1# - MAIN ENTRY--PERSONAL NAME
Personal name Bryan, Dale-Marie
Dates associated with a name 1953-
245 10 - TITLE STATEMENT
Title Experiments with magnets /
Statement of responsibility, etc. Dale Marie Bryan.
250 ## - EDITION STATEMENT
Edition statement Printed in China 62
260 ## - PUBLICATION, DISTRIBUTION, ETC.
Place of publication, distribution, etc. New York :
Name of publisher, distributor, etc. Scholastic ;
Date of publication, distribution, etc. 2012.
300 ## - PHYSICAL DESCRIPTION
Extent 48 pages :
Other physical details color illustrations ;
Dimensions 22 cm.
490 0# - SERIES STATEMENT
Series statement A true book
505 ## - FORMATTED CONTENTS NOTE
Formatted contents note Q <br/>
520 ## - SUMMARY, ETC.
Summary, etc. Explores the properties of magnets through experiments using readily available equipment.
521 ## - TARGET AUDIENCE NOTE
Target audience note 690 <br/>
Source Lexile <br/>
521 ## - TARGET AUDIENCE NOTE
Target audience note Q <br/>
Source Raz-Plus <br/>
650 #0 - SUBJECT ADDED ENTRY--TOPICAL TERM
Topical term or geographic name entry element Magnetism
General subdivision Experiments
Form subdivision Juvenile literature.
650 #0 - SUBJECT ADDED ENTRY--TOPICAL TERM
Topical term or geographic name entry element Magnets
Form subdivision Juvenile literature.
906 ## - LOCAL DATA ELEMENT F, LDF (RLIN)
a 7
b cbc
c orignew
d 1
e ecip
f 20
g y-gencatlg
942 ## - ADDED ENTRY ELEMENTS (KOHA)
Source of classification or shelving scheme Dewey Decimal Classification
Koha item type Books
Suppress in OPAC No
999 ## -
-- 2842
-- 2842
Holdings
Withdrawn status Lost status Source of classification or shelving scheme Damaged status Not for loan Collection Home library Current library Shelving location Date acquired Total Checkouts Full call number Barcode Date last seen Date last checked out Copy number Price effective from Koha item type Date due
    Dewey Decimal Classification     Non-Fiction Footprints International School Library Network Toul Kork Campus Footprints International School Library Network Toul Kork Campus TK Primary Library Room(4th Floor), Bookcase 5&6, Shelves 33-56, Orange Books 05/02/2025 1 BRY 538.4078 QC755.B79 FISTK04781 12/09/2025 12/09/2025 2 05/02/2025 Books 12/23/2025
    Dewey Decimal Classification     Non-Fiction Footprints International School Library Network Toul Tom Poung Campus Footprints International School Library Network Toul Tom Poung Campus TTP Primary Orange Bookshelves 01/17/2024 2 BRY 538.4078 QC755.B79 FISTK05573 04/22/2024 03/27/2024 1 01/17/2024 Books  
    Dewey Decimal Classification     Non-Fiction Footprints International School Library Network Toul Tom Poung Campus Footprints International School Library Network Toul Tom Poung Campus TTP Primary Orange Bookshelves 12/09/2025   BRY 538.4078 QC755.B79 FISSE00793 12/09/2025   3 12/09/2025 Books